The great personalities of the world (Record no. 3075)

MARC details
000 -LEADER
fixed length control field 00423nam a2200169Ia 4500
003 - CONTROL NUMBER IDENTIFIER
control field GBCCL
005 - DATE AND TIME OF LATEST TRANSACTION
control field 20241126110446.0
008 - FIXED-LENGTH DATA ELEMENTS--GENERAL INFORMATION
fixed length control field 171017b xxu||||| |||| 00| 0 eng d
040 ## - CATALOGING SOURCE
Transcribing agency gbc
082 ## - DEWEY DECIMAL CLASSIFICATION NUMBER
Classification number 920
Item number SOO
100 ## - MAIN ENTRY--PERSONAL NAME
Personal name Sood, Madan
9 (RLIN) 6368
245 #4 - TITLE STATEMENT
Title The great personalities of the world
260 ## - PUBLICATION, DISTRIBUTION, ETC.
Name of publisher, distributor, etc. Goodwill publishing house,
Place of publication, distribution, etc. New Delhi:
300 ## - PHYSICAL DESCRIPTION
Extent 542p.;
650 ## - SUBJECT ADDED ENTRY--TOPICAL TERM
Topical term or geographic name entry element biography
9 (RLIN) 1717
942 ## - ADDED ENTRY ELEMENTS (KOHA)
Source of classification or shelving scheme Dewey Decimal Classification
Koha item type Books
Koha issues (borrowed), all copies 2
Holdings
Withdrawn status Lost status Source of classification or shelving scheme Damaged status Not for loan Home library Current Library Shelving location Date acquired Total checkouts Full call number Barcode Date last seen Date last checked out Copy number Price effective from Koha item type
    Dewey Decimal Classification     GRACE BIBLE COLLEGE GRACE BIBLE COLLEGE General Studies 2017-10-17 2 920 SOO 012713 2025-05-01 2018-09-07 c.1 2017-10-17 Books
© Grace Bible College Library 2025